| 000 | 00385nam a22001457a 4500 | ||
|---|---|---|---|
| 020 | _qHB. | ||
| 040 | _cFIZZA ISHAQ | ||
| 082 |
_a624.183 _bJOH |
||
| 100 |
_aCOTGRAVE,ALISON RILEY MIKE. _990152 |
||
| 245 |
_aADVANCED CONCRETE TECHNOLOGY / _cJOHN NEWMAN B S CHOO. |
||
| 250 | _a1st ED. | ||
| 260 |
_aLONDON ; _bBUTTERWORTH HEINEMANN, _c2003. |
||
| 300 | _a1419 P. ; | ||
| 942 |
_2ddc _cBK |
||
| 999 |
_c588510 _d588510 |
||